Systems science & control engineering

Detalles Bibliográficos
Autor Corporativo: Taylor & Francis
Formato: Electrónico Seriadas
Lenguaje:inglés
Publicado: Abingdon, Oxfordshire, UK : Taylor & Francis Group, 2013-
Materias:
Acceso en línea:Full text available from Research Library: 12/01/2017 to 12/31/2017
Full text available from Research Library: 01/01/2019 to present

MARC

LEADER 00000nas a2200000 i 4500
001 ssj0000851944
003 WaSeSS
005 20200512172242.0
006 m d
007 cr n
008 111018c20139999enkar s | a0eng
010 |a  2011203659 
015 |a GBB5H2527  |2 bnb 
016 7 |a 2705530-9  |2 DE-600 
016 7 |a 017084037  |2 Uk 
022 |a 2164-2583 
035 |a (WaSeSS)ssj0000851944 
037 |b Taylor & Francis Group, 4 Park Square, Milton Park, Abingdon, Oxfordshire, OX14 4RN, UK 
040 |a DLC  |b eng  |c DLC  |d OCLCQ  |d DEBBG  |d OCLCQ  |d DHA  |d OCLCO  |d OCLCF  |d OCLCO  |d DLC  |d OCLCO  |d DLC  |d CUS  |d OCLCA  |d CHVBK  |d DEBSZ  |d NLE  |d VT2  |d UKMGB  |d UAB  |d U3W  |d COO  |d WaSeSS 
042 |a pcc  |a nsdp 
050 0 0 |a TA168 
082 1 0 |a 620.0011  |2 23 
210 0 |a Syst. sci. control. eng. 
222 0 |a Systems science & control engineering 
245 0 0 |a Systems science & control engineering  |h [electronic resource]. 
246 1 |a Systems science and control engineering 
246 1 |a SSCE 
260 |a Abingdon, Oxfordshire, UK :  |b Taylor & Francis Group,  |c 2013- 
310 |a Annual 
362 1 |a Began with: Volume 1, issue 1 (2013). 
506 |a License restrictions may limit access. 
588 |a Description based on: Volume 1, issue 1 (2013); title from table of contents page (tandfonline.com website, viewed Mar. 22, 2016). 
588 |a Latest issue consulted: Volume 4, issue 1 (2016) (viewed Mar. 22, 2016). 
650 0 |a Systems engineering  |v Periodicals. 
650 7 |a Systems engineering.  |2 fast  |0 (OCoLC)fst01141455 
655 0 |a Electronic journals. 
710 2 |a Taylor & Francis. 
850 |a DLC 
856 4 0 |z Full text available from Research Library: 12/01/2017 to 12/31/2017  |u https://search.proquest.com/publication/3934966 
856 4 0 |z Full text available from Research Library: 01/01/2019 to present  |u https://search.proquest.com/publication/3934966